Complete guide to cost-effective employee benefits programs

Bibliographic Details
Main Authors: Kozlowski, Joseph G. (Author), Oleksy, Walter G. , 1930- (Author)
Format: Book
Published: Englewood Cliffs, NJ : Prentice-Hall , c1987
Subjects:

MARC

LEADER 00000cam a2200000 7i4500
001 0000008129
005 20220814093000.0
008 021119s1987
020 |a 0131600370 
050 0 0 |a HD4928.N62   |b U636 1987 
090 0 0 |a HD4928.N62   |b U636 1987 
100 0 |a Kozlowski, Joseph G. ,   |e author 
245 0 0 |a Complete guide to cost-effective employee benefits programs   |c Joseph G. Kozlowski and Walter Oleksy 
260 2 |a Englewood Cliffs, NJ :   |b Prentice-Hall ,   |c c1987 
300 |a 276 p. ; ;   |c 29 cm. 
500 |a Includes index 
650 0 |a Employee fringe benefits   |z United States 
700 0 |a Oleksy, Walter G. ,   |d 1930- ,   |e author 
999 |a 1000011819   |b Book   |c OPEN SHELF (30 DAYS)   |e Gong Badak Campus